| 000 | 01250nam a2200325 a 4500 | ||
|---|---|---|---|
| 001 | ebr10271830 | ||
| 003 | CaPaEBR | ||
| 006 | m u | ||
| 007 | cr cn||||||||| | ||
| 008 | 070813s2008 nyu s 001 0 eng | ||
| 010 | _z 2007033126 | ||
| 020 | _z9780814400302 | ||
| 040 |
_aCaPaEBR _cCaPaEBR |
||
| 035 | _a(OCoLC)428738442 | ||
| 043 | _an-us--- | ||
| 050 | 1 | 4 |
_aHG2040.5.U5 _bR86 2008eb |
| 082 | 0 | 4 |
_a333.33/80688 _222 |
| 100 | 1 | _aRumsey, Tracey. | |
| 245 | 1 | 0 |
_aSaving the deal _h[electronic resource] : _bhow to avoid financing fiascoes and other real estate deal killers / _cTracey Rumsey. |
| 260 |
_aNew York : _bAmerican Management Association, _cc2008. |
||
| 300 | _axi, 192 p. | ||
| 500 | _aIncludes index. | ||
| 533 |
_aElectronic reproduction. _bPalo Alto, Calif. : _cebrary, _d2013. _nAvailable via World Wide Web. _nAccess may be limited to ebrary affiliated libraries. |
||
| 650 | 0 |
_aMortgage loans _zUnited States. |
|
| 650 | 0 |
_aHouse buying _zUnited States. |
|
| 650 | 0 |
_aReal estate business _zUnited States. |
|
| 655 | 7 |
_aElectronic books. _2local |
|
| 710 | 2 | _aebrary, Inc. | |
| 856 | 4 | 0 |
_uhttp://site.ebrary.com/lib/rucke/Doc?id=10271830 _zAn electronic book accessible through the World Wide Web; click to view |
| 999 |
_c8020 _d8020 |
||